Countries Benjamin Franklin visited - Statistics

General Stats
  • This quiz has been taken 97 times
  • The average score is 6 of 6
Answer Stats
Continent Country % Correct
Europe United Kingdom
99%
North America Canada
98%
Europe France
98%
Europe Germany
93%
North America United States of America
90%
Europe Ireland
74%
No matching quizzes found
Score Distribution
Percent of People with Each Score
Percentile by Number Answered
Your Score History
You have not taken this quiz